000 nam a22 a 4500
999 _c2448
_d2448
005 20170516125149.0
008 170516b1987 xxu||||| |||| 00| 0 eng d
020 _a0442221088
040 _aAKMAL
082 _a599.019 COM
090 _a599.019
_bCOM
245 _aSelenium in biology and medicine
_b3rd International symposium : Papers /
_cedited by Gerald F. Combs, Jr., ... [et al.].
260 _aNew York
_bVan Nostrand Reinhold
_c1987.
300 _ccm
490 _aSelenium in biology and medicine
_v3rd
700 _aCombs, Gerald F.
_95064
942 _2ddc
_cBOOK